<?xml version="1.0" encoding="UTF-8"?>
<collection xmlns="http://www.loc.gov/MARC21/slim">
 <record>
  <leader>02725cam a2200625 c 4500</leader>
  <controlfield tag="001">278105386</controlfield>
  <controlfield tag="003">DE-627</controlfield>
  <controlfield tag="005">20250110182737.0</controlfield>
  <controlfield tag="007">tu</controlfield>
  <controlfield tag="008">961212s1992    gw |||||      00| ||ger c</controlfield>
  <datafield tag="016" ind1="7" ind2=" ">
   <subfield code="a">948245077</subfield>
   <subfield code="2">DE-101</subfield>
  </datafield>
  <datafield tag="020" ind1=" " ind2=" ">
   <subfield code="a">3929411008</subfield>
  </datafield>
  <datafield tag="035" ind1=" " ind2=" ">
   <subfield code="a">(DE-627)278105386</subfield>
  </datafield>
  <datafield tag="035" ind1=" " ind2=" ">
   <subfield code="a">(DE-576)056179863</subfield>
  </datafield>
  <datafield tag="035" ind1=" " ind2=" ">
   <subfield code="a">(DE-599)GBV278105386</subfield>
  </datafield>
  <datafield tag="035" ind1=" " ind2=" ">
   <subfield code="a">(OCoLC)75773634</subfield>
  </datafield>
  <datafield tag="035" ind1=" " ind2=" ">
   <subfield code="a">(OCoLC)75773634</subfield>
  </datafield>
  <datafield tag="035" ind1=" " ind2=" ">
   <subfield code="a">(DE-604)8081395981</subfield>
  </datafield>
  <datafield tag="040" ind1=" " ind2=" ">
   <subfield code="a">DE-627</subfield>
   <subfield code="b">ger</subfield>
   <subfield code="c">DE-627</subfield>
   <subfield code="e">rakwb</subfield>
  </datafield>
  <datafield tag="041" ind1=" " ind2=" ">
   <subfield code="a">ger</subfield>
  </datafield>
  <datafield tag="044" ind1=" " ind2=" ">
   <subfield code="c">XA-DE-BY</subfield>
   <subfield code="c">XA-DE</subfield>
  </datafield>
  <datafield tag="084" ind1=" " ind2=" ">
   <subfield code="a">45</subfield>
   <subfield code="2">sdnb</subfield>
  </datafield>
  <datafield tag="084" ind1=" " ind2=" ">
   <subfield code="a">9,10</subfield>
   <subfield code="2">ssgn</subfield>
  </datafield>
  <datafield tag="084" ind1=" " ind2=" ">
   <subfield code="a">NZ 92651</subfield>
   <subfield code="2">rvk</subfield>
   <subfield code="0">(DE-625)rvk/134604:</subfield>
  </datafield>
  <datafield tag="100" ind1="1" ind2=" ">
   <subfield code="a">Rückert, Peter</subfield>
   <subfield code="d">1963-</subfield>
   <subfield code="0">(DE-588)1019872942</subfield>
   <subfield code="0">(DE-627)691043949</subfield>
   <subfield code="0">(DE-576)359029523</subfield>
   <subfield code="4">aut</subfield>
  </datafield>
  <datafield tag="245" ind1="1" ind2="0">
   <subfield code="a">Ravensburg und Falkenberg</subfield>
   <subfield code="b">die Geschichte zweier Burgen in der Stauferzeit</subfield>
   <subfield code="c">Peter Rückert</subfield>
  </datafield>
  <datafield tag="264" ind1=" " ind2="1">
   <subfield code="a">Würzburg</subfield>
   <subfield code="b">Flurbereinigungsdirektion</subfield>
   <subfield code="c">1992</subfield>
  </datafield>
  <datafield tag="300" ind1=" " ind2=" ">
   <subfield code="a">73 S.</subfield>
   <subfield code="b">Ill.</subfield>
  </datafield>
  <datafield tag="336" ind1=" " ind2=" ">
   <subfield code="a">Text</subfield>
   <subfield code="b">txt</subfield>
   <subfield code="2">rdacontent</subfield>
  </datafield>
  <datafield tag="337" ind1=" " ind2=" ">
   <subfield code="a">ohne Hilfsmittel zu benutzen</subfield>
   <subfield code="b">n</subfield>
   <subfield code="2">rdamedia</subfield>
  </datafield>
  <datafield tag="338" ind1=" " ind2=" ">
   <subfield code="a">Band</subfield>
   <subfield code="b">nc</subfield>
   <subfield code="2">rdacarrier</subfield>
  </datafield>
  <datafield tag="500" ind1=" " ind2=" ">
   <subfield code="a">Literaturverz. S. 71 - 73</subfield>
  </datafield>
  <datafield tag="583" ind1="1" ind2=" ">
   <subfield code="a">Archivierung/Langzeitarchivierung gewährleistet</subfield>
   <subfield code="f">SSG</subfield>
   <subfield code="x">XA-DE-BW</subfield>
   <subfield code="2">pdager</subfield>
   <subfield code="5">DE-16</subfield>
  </datafield>
  <datafield tag="583" ind1="1" ind2=" ">
   <subfield code="a">Archivierung prüfen</subfield>
   <subfield code="c">20240324</subfield>
   <subfield code="f">DE-4165</subfield>
   <subfield code="z">2</subfield>
   <subfield code="2">pdager</subfield>
  </datafield>
  <datafield tag="689" ind1="0" ind2="0">
   <subfield code="d">p</subfield>
   <subfield code="0">(DE-588)119461544</subfield>
   <subfield code="0">(DE-627)696155389</subfield>
   <subfield code="0">(DE-576)212623818</subfield>
   <subfield code="a">Falkenberg</subfield>
   <subfield code="c">Familie</subfield>
   <subfield code="2">gnd</subfield>
  </datafield>
  <datafield tag="689" ind1="0" ind2=" ">
   <subfield code="5">(DE-627)</subfield>
  </datafield>
  <datafield tag="689" ind1="1" ind2="0">
   <subfield code="d">p</subfield>
   <subfield code="0">(DE-588)119461536</subfield>
   <subfield code="0">(DE-627)696155354</subfield>
   <subfield code="0">(DE-576)21262380X</subfield>
   <subfield code="a">Ravensburg</subfield>
   <subfield code="c">Familie</subfield>
   <subfield code="2">gnd</subfield>
  </datafield>
  <datafield tag="689" ind1="1" ind2=" ">
   <subfield code="5">(DE-627)</subfield>
  </datafield>
  <datafield tag="689" ind1="2" ind2="0">
   <subfield code="d">g</subfield>
   <subfield code="0">(DE-588)4315551-0</subfield>
   <subfield code="0">(DE-627)703455680</subfield>
   <subfield code="0">(DE-576)211174750</subfield>
   <subfield code="a">Burgruine Ravensburg</subfield>
   <subfield code="g">Thüngersheim</subfield>
   <subfield code="2">gnd</subfield>
  </datafield>
  <datafield tag="689" ind1="2" ind2=" ">
   <subfield code="5">(DE-627)</subfield>
  </datafield>
  <datafield tag="689" ind1="3" ind2="0">
   <subfield code="d">g</subfield>
   <subfield code="0">(DE-588)4362286-0</subfield>
   <subfield code="0">(DE-627)703932187</subfield>
   <subfield code="0">(DE-576)211643963</subfield>
   <subfield code="a">Burgruine Falkenberg</subfield>
   <subfield code="g">Erlabrunn</subfield>
   <subfield code="2">gnd</subfield>
  </datafield>
  <datafield tag="689" ind1="3" ind2=" ">
   <subfield code="5">(DE-627)</subfield>
  </datafield>
  <datafield tag="710" ind1="2" ind2=" ">
   <subfield code="a">Bayern</subfield>
   <subfield code="b">Flurbereinigungsdirektion</subfield>
   <subfield code="g">Würzburg</subfield>
   <subfield code="0">(DE-588)5267881-7</subfield>
   <subfield code="0">(DE-627)239728246</subfield>
   <subfield code="0">(DE-576)196796229</subfield>
   <subfield code="4">oth</subfield>
  </datafield>
  <datafield tag="787" ind1="0" ind2="8">
   <subfield code="i">Rezensiert in</subfield>
   <subfield code="a">Bünz, Enno, 1961 - </subfield>
   <subfield code="t">[Rezension von: Peter Rückert, Ravensburg und Falkenberg]</subfield>
   <subfield code="d">Braubach : Europäisches Burgeninstitut, 1994</subfield>
   <subfield code="w">(DE-627)1914392663</subfield>
  </datafield>
  <datafield tag="889" ind1=" " ind2=" ">
   <subfield code="w">(DE-627)144767287</subfield>
  </datafield>
  <datafield tag="935" ind1=" " ind2=" ">
   <subfield code="i">mdedup</subfield>
  </datafield>
  <datafield tag="935" ind1=" " ind2=" ">
   <subfield code="i">Blocktest</subfield>
  </datafield>
  <datafield tag="936" ind1="r" ind2="v">
   <subfield code="a">NZ 92651</subfield>
   <subfield code="b">Darstellungen</subfield>
   <subfield code="k">Geschichte</subfield>
   <subfield code="k">Regionale Landeskunde</subfield>
   <subfield code="k">Fränkische Landeskunde</subfield>
   <subfield code="k">Geschichte</subfield>
   <subfield code="k">Geschichte einzelner Herrschaften in Quellen und Darstellungen</subfield>
   <subfield code="k">Weltliche Herrschaften</subfield>
   <subfield code="k">Ritterschaft</subfield>
   <subfield code="k">Darstellungen</subfield>
   <subfield code="0">(DE-627)1399039571</subfield>
   <subfield code="0">(DE-625)rvk/134604:</subfield>
   <subfield code="0">(DE-576)329039571</subfield>
  </datafield>
  <datafield tag="951" ind1=" " ind2=" ">
   <subfield code="a">BO</subfield>
  </datafield>
  <datafield tag="990" ind1=" " ind2=" ">
   <subfield code="a">Falkenberg &lt;Familie&gt; </subfield>
  </datafield>
  <datafield tag="990" ind1=" " ind2=" ">
   <subfield code="a">Ravensburg &lt;Familie&gt; </subfield>
  </datafield>
  <datafield tag="990" ind1=" " ind2=" ">
   <subfield code="a">Burgruine Ravensburg</subfield>
  </datafield>
  <datafield tag="990" ind1=" " ind2=" ">
   <subfield code="a">Burgruine Falkenberg</subfield>
  </datafield>
  <datafield tag="991" ind1=" " ind2=" ">
   <subfield code="a">Rezensiertes Werk</subfield>
  </datafield>
  <datafield tag="999" ind1=" " ind2=" ">
   <subfield code="a">KXP-PPN278105386</subfield>
   <subfield code="e">4915998347</subfield>
  </datafield>
 </record>
</collection>
